000 00745cam a22002295a 4500
001 L159710
008 150226s2016 xxk f 000 0 eng d
035 _a(Sirsi) u159710
041 0 _aeng
100 1 _aWilding, Mark
245 0 0 _aGazumped!
260 _c2016
490 _aModus
_vDecember 2016 - January 2017, 30-32 (3)
520 _aAre estate agents about to be beaten by a better offer? Describes Rentify and other proptech start-up services which makes letting a property much easier for both parties cutting out the high street estate agents.
590 _aKA
650 2 4 _aESTATE AGENTS
650 2 4 _aIT
650 2 4 _aESTATE AGENCY
650 2 4 _aLETTINGS MANAGEMENT
690 _aResidential property
_96266
942 _n0
999 _c84929
_d84929